LEADER 01242nam a2200265 i 4500 001 000000091985 003 CaOOAMICUS 005 20180209000000.0 008 180209s1976 it u000 u ita u 013 $a64227 040 $aSeMil$bita 100 1 $aGozzelino, Giorgio.$0(OLS)http://semarc/name/18919 245 12$aL'unzione degli infermi :$bsacramento della vittoria sulla malattia /$cGiorgio Gozzelino. 260 $aTorino :$bMarietti,$c1976. 300 $a204 p. ;$c20 cm. 490 0 $aTeologia attualizzata [Marietti]$ ;$v12.b 650 4$aRituale dei Sacramenti e dei Sacramentali - Commenti e studi.$0(OLS)http://semarc/subject/8656 650 4$aUnzione degli infermi .$0(OLS)http://semarc/subject/5582 650 4$aUnzione degli infermi - Storia.$0(OLS)http://semarc/subject/45785 830 0$aTeologia attualizzata ;$v12.b.$0(OLS)http://semarc/title/6552 850 $aSeMil 852 $aSeMil$W1$xVenegono$y1$m2B I 498$j54919$B54919$CSeMilBibl$Z2$F59586 $81 961 $aRecupero: Seminario di Seveso 996 $6245$aL'unzione degli infermi :$bsacramento della vittoria sulla malattia$9(OLS)http://semarc/title/406102 996 $6260$aTorino :$bMarietti$9(OLS)http://semarc/publisher/29916 LEADER 01434nam a2200325 i 4500 001 000000125920 003 CaOOAMICUS 005 20051206000000.0 008 051206s1994 it u000 u ita u 013 $a98621 020 $a88-420-4557-8 040 $aSeMil$bita 100 1 $aBagnasco, Erminio.$0(OLS)http://semarc/name/18995 245 13$aLe origini :$b1853-1882 /$cE. Bagnasco ... [et. al.] ; a cura di Valerio Castronovo ; premessa di Bruno Musso ; introduzione del Comitato scientifico. 300 $aXIV, 298 p. :$bill. 490 0 $aGrandi opere 490 0 $aGrandi opere. Storia dell'impresa 500 $aContiene : Riassunto (in inglese). - Fondo Card. C.M. Martini. 700 1 $aCastronovo, Valerio,$d<1935-2023>.$0(OLS)http://semarc/name/1409 700 1 $aComitato scientifico.$0(OLS)http://semarc/name/52295 700 1 $aMusso, Bruno.$0(OLS)http://semarc/name/42318 773 0 $tStoria dell'Ansaldo.$dRoma ; Bari : Laterza, 1994-1997.$g1$w()14924 830 0$aGrandi opere.$0(OLS)http://semarc/title/11202 830 0$aGrandi opere. Storia dell'impresa.$0(OLS)http://semarc/title/19789 850 $aSeMil 852 $aSeMil$W1$xVenegono$y1$m3M V 71$j80318$B80318$CSeMilBibl$Z2$F106714 $81 941 1 $a4 961 $aOmaggio: Martini Card. Carlo Maria 996 $6020$a88-420-4557-8$9(OLS)http://semarc/number/111922 996 $6245$aLe origini :$b1853-1882$9(OLS)http://semarc/title/185487